Southville International School and Colleges
Your cart is empty.
  • Cart
  • Lists
    Public lists Eva Luna New books Lux_list list_1
    Your lists Log in to create your own lists
  • Log in to your account
  • Your cookies
  • Search history
Southville International School and Colleges
  • Advanced search
  • Recent comments
  • Most popular
  • Libraries

Log in to your account

Log in with GOOGLE


If you do not have an external account, but do have a local account, you can still log in:

  1. Home
  2. MARC view: Europe /
Normal view MARC view ISBD view

Europe / (Record no. 8428)

[ view plain ]
MARC details
000 -LEADER
fixed length control field 00525nam a22001937a 4500
003 - CONTROL NUMBER IDENTIFIER
control field OSt
005 - DATE AND TIME OF LATEST TRANSACTION
control field 20140310182024.0
008 - FIXED-LENGTH DATA ELEMENTS--GENERAL INFORMATION
fixed length control field 130802t xxu||||| |||| 00| 0 eng d
020 ## - INTERNATIONAL STANDARD BOOK NUMBER
International Standard Book Number 1568223137
050 ## - LIBRARY OF CONGRESS CALL NUMBER
Classification number D 900
Item number .K54 1996
082 ## - DEWEY DECIMAL CLASSIFICATION NUMBER
Classification number TR 940
Item number Eu7 1996
100 ## - MAIN ENTRY--PERSONAL NAME
Personal name Kinghorn, Harriet
9 (RLIN) 7250
245 ## - TITLE STATEMENT
Title Europe /
Statement of responsibility, etc Harriet Kinghorn.
260 ## - PUBLICATION, DISTRIBUTION, ETC. (IMPRINT)
Place of publication, distribution, etc Instructional fair:
Name of publisher, distributor, etc Inc,
Date of publication, distribution, etc c1996.
300 ## - PHYSICAL DESCRIPTION
Extent 128p. ;
Other physical details ill. map. ;
Dimensions 27 cm.
650 ## - SUBJECT ADDED ENTRY--TOPICAL TERM
Topical term or geographic name as entry element Europe
General subdivision Activity book
9 (RLIN) 7255
942 ## - ADDED ENTRY ELEMENTS (KOHA)
Source of classification or shelving scheme Library of Congress Classification
Koha item type
Holdings
Withdrawn status Lost status Source of classification or shelving scheme Damaged status Home library Current library Shelving location Date acquired Total Checkouts Full call number Barcode Date last seen Copy number Price effective from Koha item type
    Library of Congress Classification   Luxembourg Library Luxembourg Library Teachers Reference Section 08/02/2013   D 900 .K54 1996 5908 08/13/2013 1 08/02/2013 Books

Europe /

APA

Kinghorn H., . (1996). Europe. Instructional fair: Inc.

Chicago

Kinghorn Harriet, . 1996. Europe. Instructional fair: Inc.

Harvard

Kinghorn H., . (1996). Europe. Instructional fair: Inc.

MLA

Kinghorn Harriet, . Europe. Instructional fair: Inc. 1996.

  • Place hold
  • Print
  • Cite
  • Add to your cart (remove)
  • Save record
    BIBTEX Dublin Core MARCXML MARC (non-Unicode/MARC-8) MARC (Unicode/UTF-8) MARC (Unicode/UTF-8, Standard) MODS (XML) RIS
  • More searches
    Search for this title in:
    Other Libraries (WorldCat) Other Databases (Google Scholar) Online Stores (Bookfinder.com) Open Library (openlibrary.org)

Exporting to Dublin Core...

SOUTHVILLE LIBRARY

Southville International School and Colleges Library

1281 Tropical Ave. Cor. Luxembourg St., BF Homes International, Las Pinas City

Tel. No. 8256374 / 252358 Loc. 117/146

Powered by Koha